| 000 | 00447nam a2200181Ia 4500 | ||
|---|---|---|---|
| 008 | 170918s9999 xx 000 0 und d | ||
| 020 | _a9780545391979 | ||
| 050 | _bH148gh 2010 | ||
| 100 | _aHahn, Mary Downing | ||
| 245 | 4 | _aThe ghost of crutchfield hall / | |
| 245 | _cby Mary Downing Hahn. | ||
| 260 | _aNew York : | ||
| 260 | _bScholastic, | ||
| 260 | _c2010 | ||
| 300 | _a153 pages : | ||
| 300 | _billustrations ; | ||
| 300 | _c19cm. | ||
| 999 |
_c343910 _d343910 |
||